00411nam a2200145Ia 4500008004100000020001800041041000800059082001800067100003000085245002900115250000600144260006500150300001400215650003600229210716s2009 xx 000 0 und d a9788184048728 aeng a621.3821 ZIRP aZirkle, Paul; Hogue, Joe. aIphone game development. a1 aNew DelhibShroff Publishers and Distributors Pvt Ltdc2009 axi,242,17 aCommunication Network(621.3821)